|
|
|
|
| LEADER |
02207nam a2200361 a 4500 |
| 001 |
14695999 |
| 003 |
BD-DhAAL |
| 005 |
20250713125716.0 |
| 008 |
091115s2007 caua b 001 0 eng d |
| 010 |
|
|
|a \\2007001024
|
| 020 |
|
|
|a 9780761935582 (pbk.)
|
| 020 |
|
|
|a 9788178297170 (pbk.)
|
| 020 |
|
|
|a 0761935584 (pbk.)
|
| 040 |
|
|
|a DLC
|c DLC
|d BAKER
|d BTCTA
|d C#P
|d YDXCP
|d DLC
|d BD-DhAAL
|
| 082 |
0 |
0 |
|a 658.3/01
|2 22
|
| 100 |
1 |
|
|a Chanda, Ashok,
|d 1965-
|9 2329
|
| 245 |
1 |
0 |
|a Strategic human resource technologies :
|b keys to managing people /
|c Ashok Chanda ; with B. Sivarama Krishna and Jie Shen.
|
| 260 |
|
|
|a Los Angeles :
|b Response,
|c 2007.
|
| 300 |
|
|
|a 519 pages :
|b illustrations ;
|c 24 cm.
|
| 504 |
|
|
|a Includes bibliographical references and index.
|
| 505 |
0 |
|
|a Strategic HR technologies: a framework -- Thinking in the futuristic HRM -- Strategic HR technologies -- Spectrum I : HR technologies for driving business -- Profiting from human resources -- Spectrum II : HR technologies for building high performing individuals and team culture -- Diagnosing the HR scenario -- Understanding the present for the future -- Building one great legendary family -- Spectrum III : HR technologies for attracting and retaining talent -- Doing more with less -- Pay for performance -- Essence of competency building -- Spectrum IV : HR technologies for rethinking the future -- Responding to future needs -- Branding of HR technologies -- HR branding -- HR word power -- HR word power.
|
| 526 |
|
|
|x Requisitioned by Faculties of BBS
Course name and no : N/A
|
| 541 |
1 |
|
|a Karim International
|e 00019582
|
| 650 |
|
0 |
|a Personnel management
|x Technological innovations.
|9 58727
|
| 650 |
|
0 |
|a Management information systems.
|
| 650 |
|
0 |
|a Strategic planning
|x Data processing.
|
| 650 |
|
0 |
|a Management.
|
| 700 |
1 |
|
|a Sivarama Krishna, B.
|9 58728
|
| 700 |
1 |
|
|a Shen, Jie,
|d 1947-
|9 2332
|
| 852 |
4 |
|
|a Ayesha Abed Library
|j General shelf
|
| 942 |
|
|
|2 ddc
|c BK
|
| 999 |
|
|
|c 5527
|d 5527
|
| 952 |
|
|
|0 0
|1 0
|2 ddc
|4 0
|6 658_301000000000000_CHA_2008
|7 0
|9 5439
|a BRACUL
|b BRACUL
|c GEN
|d 2009-11-16
|g 781.00
|l 0
|o 658.301 CHA
|p 3010019582
|r 2009-11-16
|t 1
|w 2009-11-16
|y BK
|x Requisitioned by Faculties of BBS. Course name and no. "not available".
|